000 00918nam a22003017a 4500
001 BR6003839
003 BR-BrBNA
005 20230928083157.0
007 ta
008 230509b bl.||||| |||| 00| 0 por d
040 _aBR-BrBNA
_bpor
_cBiblioteca Nacional de Agricultura
041 _a(Por)
072 _aE15
_b2120
_b/G514
090 _ 2120 BR6003839
110 1 _aCompanhia de Desenvolvimento Economico do Parana, Curitiba (Brasil)
_92375
245 1 _aPlano preliminar de diversificacao da producao na regiao cafeeira. Programa de investimentos 1966-1971 [Parana; Brasil]
260 3 _aCuritiba, PR (Brasil):
_c[nd].
300 _a70 p.
500 _a16 illus.; Published after 1964
650 _aMacroeconomia
650 _aCafe
650 _aInvestimento
650 _aCusto de producao
650 _aFinanciamento
650 _aParana
909 _a202309
_bLucia
_c55
_dLucia Elande
942 _cBK
999 _c11991
_d11991